01326nam a2200241 a 450000100100000000500170001000800410002704000250006811001030009324501950019626000460039130000270043749000290046470000380049370000350053183000360056604900090060295201200061195201200073195201050085195201110095699900170106700003008420200930060029.0110429s1998 dr 000 0 spa d aDO-SdBNPbspacBNPHU2 aReública DominicanabComisión Presidencial para la reforma y Modernización del Estado95678910aManual del ayuntamiento :bguía de consulta rápida sobre la vida de los gobiernos municipales basada en la legislación municipal /ccoordinación Roberto Rodríguez, Domingo Batista. aSanto Domingo :bEditora Impretur,c1998. a18 p. :bil. ;c21 cm.1 aCuadernos municipalesv01 aRodríguez, Robertoecoor9567911 aBatista, Domingoecoor.956792 0aCuadernos municipalesv0956790 aBNPD 001052708DSaGRbGRcHDd2013-07-22iLF1l0o p30084-30r2020-06-25te. 3w2020-06-25yLFDSZPréstamo interno 001054708DSaGRbGRcHDd2013-12-03iLF1l0o p30084-40r2020-06-25te. 4w2020-06-25yLFDSZPréstamo en sala 0010718PDaPDbPDcHDd2011-04-29iLF1l0o p30084-10r2020-06-25w2020-06-25yLFPDZNo se presta 0010718PDaPDbPDcHDd2011-04-29iLF1l0o p30084-20r2020-06-25te. 2w2020-06-25yLFPDZNo se presta c29576d29576